Slovenský amalgám

Bibliographic Details
Main Author: Šútovec, Milan, 1940- (Author)
Format: Article
Language:Slovak
ISSN:1335-2296
Subjects:

MARC

LEADER 00000nab a2200000 a 4500
001 vtls008993116
003 SK-MaSNL
005 20260304134735.0
008 250505c2007 xo zr|p|||||||000 b|slo
015 |a SNBRB2007/05  |2 snkbucl 
035 |a (uuid)df8a1230-32e9-41a6-b182-071b3150d16b 
035 |a urn:nbn:sk:snk-aba090 
035 |a (urnnbn)urn:nbn:sk:snk:ar-a097du 
040 |a SNKBUCL  |b slo  |c SNKBUCL  |e AACR2 
041 0 |a slo 
044 |a xo  |c SK 
080 |a 94(437.6)-051  |x "18"  |2 2001 
080 |a 725.94  |x (437.6)  |2 2001 
080 |a 316.347  |x (437.6)  |2 2001 
100 1 |a Šútovec, Milan,  |d 1940-  |4 aut  |9 106454 
245 1 0 |a Slovenský amalgám  |c Milan Šútovec 
600 1 7 |a Štúr, Ľudovít,  |d 1815-1856  |2 snkbucl  |9 92872 
650 0 7 |a pomníky  |2 snkbucl  |9 3013 
651 7 |a Štúrovo námeste (Bratislava, Slovensko)  |2 snkbucl  |9 1453055 
773 0 |t OS  |g Roč. 11, č. 1 (2007), s. 17-33  |x 1335-2296 
850 |a Slovenská národná knižnica 
852 |a Slovenská národná knižnica 
954 |a odborná, vedecká literatúra pôvodná (slovenská)  |2 lita 
958 |a article13 
958 |a OND 
958 |a SK 
958 |a EUIPO 
999 |c 2907949  |d 2909879